• 首页
  • 本馆介绍
  • 公告通知
  • 最新文献
  • 馆藏检索
  • 电子资源
  • 读者导购
  • 参考咨询
  • 我的图书馆
  • 登录
  • 详细信息显示
  • 放入我的书架
  • 预约/预借图书
  • 作者相关作品
  • 分类相关作品
  • 丛书相关作品
  • 出版社相关作品

书目信息

  • 表格格式
  • 工作单格式
  • 卡片格式
题名:
民间文学概论
    
 
作者: 钟敬文 主编
分册:  
出版信息: 上海   上海文艺出版社  1980.07
页数: 408页
开本: 20cm
丛书名:
单 册:
中图分类: I057
科图分类:
主题词: 民间文学--文学理论 , 民间文学--创作方法
电子资源:
ISBN:
000 00623nam0 2200229 45
001 0303100837
005 20041223145919.1
010    @dCNY1.10
091    @a10078.3159
100    @a20030310d1980 km y0chiy0120 ea
101 0  @achi
105    @a z 000yy
200 1  @a民间文学概论@AMin Jian Wen Xue Gai Lun@f钟敬文主编@FZhong Jing Wen ZhuBian
210    @a上海@c上海文艺出版社@d1980.07
215    @a408页@d20cm
300    @a高等学校文科教材
606 0  @a民间文学@x文学理论
606 0  @a民间文学@x创作方法
690    @aI057@v3
701  0 @a钟敬文@4主编
801    @aCN@bTSTC@c20030310
905    @dI057@e13@f1@b32076
    
    民间文学概论/钟敬文主编.-上海:上海文艺出版社,1980.07
    408页;20cm
    高等学校文科教材
    
    ISBN :CNY1.10
    
●
相关链接 在E读中查询图书 在五车中查询图书 在当当中查询图书 在豆瓣中查询图书


正题名:民间文学概论     索取号:I057/13         预约/预借

序号 登录号 条形码 馆藏地/架位号 状态 备注
1 0032072   000908664   第一样本阅览室/ [索取号:I057/13] 在馆    
2 0032073   000908655   第二借阅区/ [索取号:I057/13] 在馆    
3 0032074   000908726   第二借阅区/ [索取号:I057/13] 在馆    
4 0032075   000908717   第二借阅区/ [索取号:I057/13] 在馆    
5 0032076   001969294   第二借阅区/ [索取号:I057/13] 在馆    
6 0229900   001758495   密集书库/ [索取号:I057/13] 在馆    
7 0229901   001758459   密集书库/ [索取号:I057/13] 在馆    
8 0229902   001758413   密集书库/ [索取号:I057/13] 在馆    
9 0229903   001758379   密集书库/ [索取号:I057/13] 在馆    
10 0229904   001758342   密集书库/ [索取号:I057/13] 在馆    
唐山师范学院图书馆 欢迎您!
大连网信软件有限公司© 版权所有